<?xml version="1.0" encoding="UTF-8"?>
<record
    xmlns:xsi="http://www.w3.org/2001/XMLSchema-instance"
    xsi:schemaLocation="http://www.loc.gov/MARC21/slim http://www.loc.gov/standards/marcxml/schema/MARC21slim.xsd"
    xmlns="http://www.loc.gov/MARC21/slim">

  <leader>01126aab a2200205 i 4500</leader>
  <controlfield tag="001">768714001</controlfield>
  <controlfield tag="003">CO-MdFUSB</controlfield>
  <controlfield tag="005">20240422104953.0</controlfield>
  <controlfield tag="008">240409b1984    ag ||||| |||| 00| 0 spa d</controlfield>
  <datafield tag="040" ind1=" " ind2=" ">
    <subfield code="b">spa</subfield>
    <subfield code="c">CO-MdFUSB</subfield>
  </datafield>
  <datafield tag="041" ind1=" " ind2=" ">
    <subfield code="a">spa</subfield>
  </datafield>
  <datafield tag="100" ind1="1" ind2=" ">
    <subfield code="a">Breneman, Mervin (1930-)</subfield>
    <subfield code="e">autor</subfield>
  </datafield>
  <datafield tag="245" ind1=" " ind2=" ">
    <subfield code="a">Los profetas y las naciones</subfield>
    <subfield code="c">/ Mervin Breneman</subfield>
  </datafield>
  <datafield tag="300" ind1=" " ind2=" ">
    <subfield code="a">Volumen 3, n&#xFA;mero 1 (marzo,1984), p&#xE1;ginas: 28 - 30</subfield>
    <subfield code="c">; 27 cm</subfield>
  </datafield>
  <datafield tag="520" ind1=" " ind2=" ">
    <subfield code="a">Es un repaso por la historia de la labor de los profetas y de la iglesia, ya que  se confirma que la acci&#xF3;n de Dios estuvo activa en la historia a trav&#xE9;s de la predicaci&#xF3;n de su Palabra. Por tanto, se enfatiza en la predicaci&#xF3;n, y para ello se debe utilizar todos los medios (radio, prensa, televisi&#xF3;n, contactos personales) para anunciar la Palabra de Dios.  Adem&#xE1;s, los gobiernos no deben asumir el papel hist&#xF3;rico que corresponde a las ense&#xF1;anzas de la Iglesia y a la vida de Cristo.
</subfield>
  </datafield>
  <datafield tag="650" ind1=" " ind2="7">
    <subfield code="a">Misioneros</subfield>
    <subfield code="9">931</subfield>
  </datafield>
  <datafield tag="653" ind1=" " ind2=" ">
    <subfield code="a">Profetas</subfield>
  </datafield>
  <datafield tag="773" ind1="0" ind2=" ">
    <subfield code="t">Iglesia y Misi&#xF3;n</subfield>
    <subfield code="0">49402</subfield>
    <subfield code="9">59687</subfield>
    <subfield code="g">Volumen 3, n&#xFA;mero 1 (marzo,1984), p&#xE1;ginas: 28 - 30</subfield>
    <subfield code="q">p&#xE1;gina: 28</subfield>
  </datafield>
  <datafield tag="942" ind1=" " ind2=" ">
    <subfield code="c">ANA</subfield>
  </datafield>
  <datafield tag="999" ind1=" " ind2=" ">
    <subfield code="c">51448</subfield>
    <subfield code="d">51448</subfield>
  </datafield>
</record>
